Gaming Quiz

Random Gaming or Pokémon Quiz

Pokémon Types by Any Pokémon (Gen. I) Quiz Stats

 Plays Quiz Updated Jul 11, 2017

Support Sporcle.
Go Orange.
Score 0/18 Timer 03:00
10 Plays Today
Type (#) Pokémon % Correct
Dark (0)None
99.9%
Electric (9)Pikachu, Raichu, Magnemite, Magneton,...
97%
Fire (12)Charmander, Charmeleon, Charizard, Vulpix,...
96.8%
Poison (33)Bulbasaur, Ivysaur, Venusaur, Weedle,...
96.3%
Water (32)Squirtle, Wartortle, Blastoise, Psyduck,...
96.2%
Flying (19)Charizard, Butterfree, Pidgey, Pidgeotto,...
95.4%
Normal (22)Pidgey, Pidgeotto, Pidgeot, Rattata,...
95.2%
Grass (14)Bulbasaur, Ivysaur, Venusaur, Oddish,...
94.3%
Ground (14)Sandshrew, Sandslash, Nidoqueen, Nidoking,...
94.1%
Type (#) Pokémon % Correct
Psychic (14)Abra, Kadabra, Alakazam, Slowpoke,...
93.4%
Bug (12)Caterpie, Metapod, Butterfree, Weedle,...
93.1%
Rock (11)Geodude, Graveler, Golem, Onix,...
93%
Fighting (8)Mankey, Primeape, Poliwrath, Machop,...
91.9%
Ghost (3)Gastly, Haunter, Gengar
91.3%
Dragon (3)Dratini, Dragonair, Dragonite
89.7%
Fairy (5)Clefairy, Clefable, Jigglypuff, Wigglytuff,...
88.3%
Ice (5)Dewgong, Cloyster, Jynx, Lapras,...
86.8%
Steel (2)Magnemite, Magneton
71.7%

You're not logged in!

Compare scores with friends on all Sporcle quizzes.
OR
Log In
Forgot?

From the Vault

Music Groups Grab Bag

by BillyJoelRulez

Combine all these answers together, and you'll have Sporcle's version of a super group.
Remove Ads.
Support Sporcle.
Get the best of Sporcle when you Go Orange. This ad-free experience offers more features, more stats, and more fun while also helping to support Sporcle. Thank you for becoming a member.

Show Comments

Extras

Top Quizzes Today


Score Distribution

Your Account Isn't Verified!

In order to create a playlist on Sporcle, you need to verify the email address you used during registration. Go to your Sporcle Settings to finish the process.

Report this User

Report this user for behavior that violates our Community Guidelines.

Details: